000 00471nam a2200205Ia 4500
005 20250425162143.0
008 250425s9999 xx 000 0 und d
041 _aspa
082 _a070.41
100 _aGUERRA CASTILLO, JOSE
245 0 _aDEL HOMBRE, LA LIBERTAD Y LA PAZ
250 _a1A ED.
260 _aEcuador
_bESPOL
_c1989
260 _aGUAYAQUIL
300 _a109
650 _aCOMENTARIOS
650 _aPERIODISMO
942 _c01
010 _a53295
999 _c223423
_d223423